000 01294nam0a22002771 4500
001 rc\2642319
005 20250529185918.0
035 _a(NLR Aleph) 006950179
090 _a5239401
_c5239401
100 _a20110606d1929 |||y0rusy50 ca
101 0 _arus
102 _aRU
105 _ay z |||||
200 1 _aПятилетний план Нижегородского края
_eМатериалы к докладу о перспективах развития хозяйственного и культурного строительства на 1928/29-1932/33 гг.
210 _aНижний-Новгород
_cНижегор. краев. плановая комис.
_d1929
_gтип. Нижполиграф
215 _a165 с.
_d26х18 см
300 _aПредисл.: Ф. Андрианов
333 _aПеред загл.: "На правах рукописи"
702 1 _4080
_7ca
_8rus
_aАндрианов
_bФ. И.
_cпарт. и хоз. деятель, рыб. пром-сть
_f1894-1938
_gФедор Иванович
_9189337
_3RU\NLR\AUTH\770189388
710 0 2 _aГорьковская краевая плановая комиссия
801 0 _aRU
_bNLR
_gpsbo
801 1 _aRU
_bELAR
_2rusmarc
852 _aNLR
_j70/279
942 _cBOOK
980 _aNB